000 00493nam a22001697a 4500
999 _c11875
_d11875
003 OSt
005 20231027123026.0
008 231027b ||||| |||| 00| 0 eng d
020 _a9788132106975
082 _223rd
_a307.12160954
_bKUL
100 _aKulshrestha,S.K
_d2012
245 _aUrban and Regional Planning in India
_bA Handbook for Professional Practice
260 _aNew Delhi
_bSage Publications
_c2012
300 _axix,299p.:
_c30cm.
650 _2Professional Ethics
942 _2ddc